Managerial opportunities for women in less developed countries : the case of Benin /

Bibliographic Details
Main Author: Randall, Donna M.
Other Authors: Tansuhaj, Patriya S. (Patriya Silpakit)
Format: Book
Language:English
Published: [East Lansing, Mich.] : Michigan State University, Women in International Development, [1988]
Series:Working paper (Michigan State University. Office of Women in International Development) ; #173.
Subjects:

MARC

Tag First Indicator Second Indicator Subfields
LEADER 00000cam a2200000 a 4500
001 in00000779607
005 20151017061331.0
008 890602s1988 miu b s00010 eng d
035 |a (OCoLC)19803629 
035 |9 ADM6352AM 
040 |a DJB  |c DJB  |d TXA  |d UtOrBLW 
049 |a TXAM  |c [A12445768] 
050 4 |a HD6054.4.B45  |b R26 1988 
100 1 |a Randall, Donna M. 
245 1 0 |a Managerial opportunities for women in less developed countries :  |b the case of Benin /  |c by Donna M. Randall and Patriya S. Tansuhaj. 
264 1 |a [East Lansing, Mich.] :  |b Michigan State University, Women in International Development,  |c [1988] 
264 4 |c ©1988 
300 |a 14 pages ;  |c 28 cm. 
336 |a text  |b txt  |2 rdacontent 
337 |a unmediated  |b n  |2 rdamedia 
338 |a volume  |b nc  |2 rdacarrier 
490 1 |a Working paper / Women in International Development, Michigan State University,  |x 0888-5354 ;  |v #173 
500 |a "August 1988" 
504 |a Includes bibliographical references. 
650 0 |a Women executives  |z Benin  |x Attitudes. 
700 1 |a Tansuhaj, Patriya S.  |q (Patriya Silpakit) 
830 0 |a Working paper (Michigan State University. Office of Women in International Development) ;  |v #173. 
999 |a MARS 
999 f f |s 9eacbb16-eee8-373e-b9ea-a542aeb0f2d1  |i 02abca4c-711a-350a-8783-15ca4fa8fcd2  |t 0 
952 f f |p ric  |a Texas A&M University  |b Rellis Campus  |c Joint Library Facility  |d Remote Storage  |t 0  |e HD6054.4.B45 R26 1988  |h Library of Congress classification  |i unmediated -- volume  |m A14812445768 
998 f f |a HD6054.4.B45 R26 1988  |t 0  |l Remote Storage